000
00306nam a22001217a 4500
003
OSt
008
250210b |||||||| |||| 00| 0 eng d
041
_a
eng
082
_a
621.815
245
_a
Design Data
260
_a
Coimbatore:
_b
Faculty and Mechanical Engineering, PSG College of Technology
942
_c
BK
999
_c
19340
_d
19340